Электроника?... Нет ничего проще! Семнадцать занимательных бесед, в которых в очень простой форме объясняются основы электроники и возможности ее использования в промышленности: пер. с фр.

Detalhes bibliográficos
Autor principal: Эймишен Ж.-П.
Idioma:russo
Publicado em: Москва, Энергия, 1970
Colecção:Массовая радиобиблиотека Вып. 733
Assuntos:
Formato: Livro
KOHA link:https://koha.lib.tpu.ru/cgi-bin/koha/opac-detail.pl?biblionumber=316468

MARC

LEADER 00000nam0a2200000 4500
001 316468
005 20231102002859.0
035 |a (RuTPU)RU\TPU\book\341906 
090 |a 316468 
100 |a 20160322d1970 m y0rusy50 ca 
101 1 |a rus  |c fre 
102 |a RU 
105 |a a z 000zy 
200 1 |a Электроника?... Нет ничего проще! Семнадцать занимательных бесед, в которых в очень простой форме объясняются основы электроники и возможности ее использования в промышленности  |e пер. с фр.  |f Ж.-П. Эймишен 
210 |a Москва  |c Энергия  |d 1970 
215 |a 246 с.  |c ил. 
225 1 |a Массовая радиобиблиотека  |v Вып. 733 
606 1 |a Электроника  |2 stltpush  |3 (RuTPU)RU\TPU\subj\20310  |9 45419 
610 1 |a датчики 
610 1 |a электрические величины 
610 1 |a магнитные величины 
610 1 |a фотоэлектрические элементы 
610 1 |a ускорение 
610 1 |a постоянный ток 
610 1 |a усилители 
610 1 |a измерения 
610 1 |a частота 
610 1 |a сигналы 
610 1 |a реле 
610 1 |a умножители 
610 1 |a сервомеханизмы 
610 1 |a сервомеханизмы 
675 |a 621.38  |v 4 
700 1 |a Эймишен  |b Ж.-П. 
801 1 |a RU  |b 63413507  |c 20160322 
801 2 |a RU  |b 63413507  |c 20160328  |g RCR 
942 |c BK